|
000
|
00756nam0 2200217 450
|
|
001
|
0000097007
|
|
005
|
20060310102743.28
|
|
010
|
|
@dCNY0.50
|
|
100
|
|
@a19980227d1979 ekmy0chiy0120 ea
|
|
101
|
0
|
@achi
|
|
102
|
|
@aCN@b510000
|
|
105
|
|
@ay z 000yy
|
|
200
|
1
|
@a四川文史资料选辑@ASi Chuan Wen Shi Zi Liao Xuan Ji@h第二辑@f中国人民政治协商会议四川省委员会文史资料研究委员会编
|
|
210
|
|
@a成都@c四川人民出版社@d1979
|
|
215
|
|
@a176页@d19cm
|
|
606
|
0
|
@a中国@x历史
|
|
686
|
|
@aD661@2CNNJU
|
|
690
|
|
@aK2@v3
|
|
711
|
02
|
@a中国人民政治协商会议四川省委员会文史资料研究委员会编@AZhong Guo Ren Min Zheng Zhi Xie Shang Hui Yi Si Chuan Sheng Wei Yuan Hui Wen Shi Zi Liao Yan Jiu Wei Yuan Hui Bian
|
|
801
|
|
@aCN@bNiSoft@c20060310
|
|
905
|
|
@a10447@dK2@e3:2
|
|
|
|
|
| |
| 四川文史资料选辑.第二辑/中国人民政治协商会议四川省委员会文史资料研究委员会编.-成都:四川人民出版社,1979 |
| 176页;19cm |
| |
| |
| ISBN :CNY0.50 |
| |
| ● |
正题名:四川文史资料选辑
索取号:K2/3:2
 
预约/预借
| 序号
|
登录号
|
条形码
|
馆藏地/架位号
|
状态
|
备注
|
|
1
|
101612
|
201016122
|
海科密-1楼/42架4列6层/
[索取号:K2/3:2]
|
在馆
|
|
|
2
|
53014
|
200530149
|
海科密-1楼/43架7列5层/
[索取号:K2/3:2]
|
在馆
|
|
|
3
|
53015
|
200530158
|
柳城密-1楼/2架2列3层/
[索取号:K2/3:2]
|
在馆
|
|